00565nam a2200145 a 4500008004100000050001400041100002000055245002900075260005200104300001500156350000900171995009200180999001700272952013000289120416s1964 ||||||||||||||||| || u aDT 31 Nic aNicol, Davidson10aAfrica-a subjective view aLondonbLongmans & Ghana University Pressc1964 aviii, 88p. a0.00 D0.00FCBU-MAIN LIBRARY (Kitwe)H1I0.00UAVAILABLEZMain Library Open Access Collection c33661d33661 00102lcc4070a001b001cMain Library Open Access Collectiond2022-11-30l0oDT 31 Nicp000726r2022-11-30w2022-11-30y002